000 00261nam a2200097Ia 4500
001 723686
005 20250826163336.0
008 250824s9999 xx 000 0 und d
245 0 _aNE DEMŞ VİCTOR HUGO
_cYazar Adı Belirtilmemiş
260 _bCARPE DİEM YAYINLARI
999 _c723686
_d723686